| 000 | 00894cab a2200277 4500 | ||
|---|---|---|---|
| 001 | ABS55469 | ||
| 008 | 090401t1996 xxu||||| |||| 00| 0 eng d | ||
| 035 | _a(Sirsi) u16713 | ||
| 041 | _aeng | ||
| 100 | _aChase, G. | ||
| 245 | _aProperty transformed | ||
| 260 | _c1996 | ||
| 350 | _a0 | ||
| 490 |
_aEstates Gazette _v(9629) 20 July 1996, 96-98(3) |
||
| 520 | _aOutlines key findings of the Connaught report on commercial refurbishment. Highlights how it is a key tool for attracting and enhancing the rental value of older property at the expiry of a lease. | ||
| 650 | _aCONNAUGHT REPORT | ||
| 650 | _aFEASIBILITY | ||
| 650 | _aPROPERTY-COMMERCIAL PROPERTY-OFFICE PROPERTY-OFFICE PROPERTY MARKET | ||
| 650 | _aOFFICE RENTS | ||
| 650 | _aREFURBISHMENT MARKET | ||
| 650 | _aRICS | ||
| 650 | _aVALUES | ||
| 690 |
_aRefurbishment _96264 |
||
| 942 | _n0 | ||
| 948 | _c04/03/1997 | ||
| 999 |
_c11042 _d11042 |
||